Elementos de diseño del tractor y herramientas de labranza

Uloženo v:
Podrobná bibliografie
Hlavní autoři: Ashburner, John E (Autor), Sims, Brian G (Autor)
Médium: Kniha
Jazyk:španělština
Vydáno: San José IICA 1984
Edice:Libros y Materiales Educativos, 56
Témata:
Tagy: Přidat tag
Žádné tagy, Buďte první, kdo vytvoří štítek k tomuto záznamu!

MARC

LEADER 00000cam a2200000 a 4500
001 UCR2981
003 CL-VaPUC
008 980123e19840000CR |||||||||||||||||spa|d
082 0 4 |a 631.3  |b ASH  |2 21 
100 0 |a Ashburner, John E  |e author  |9 401581 
700 0 |a Sims, Brian G  |e author  |9 401582 
245 1 0 |a Elementos de diseño del tractor y herramientas de labranza 
300 |a 473 p 
942 |c BK 
945 |d 19980123 00:00:00  |a jquezada 
260 |a San José  |b IICA  |c 1984 
650 7 |a MAQUINARIA AGRICOLA  |2 CL-VaPUC  |9 264357 
650 7 |a TRACTORES  |2 CL-VaPUC  |9 326395 
650 0 |a Diseño y construcción  |9 260862 
650 0 |a Aperos de labranza  |9 401583 
650 7 |a SUELO  |2 CL-VaPUC  |9 348469 
650 7 |a EQUIPOS  |2 CL-VaPUC  |9 393783 
650 0 |a Siembra  |9 360167 
650 7 |a DESARROLLO DEL CULTIVO  |2 CL-VaPUC  |9 401584 
583 |a last modification  |c 20160421 02:21:41  |k Rodrigo Vera 
490 0 |a Libros y Materiales Educativos, 56 
999 |c 266099  |d 266097 
952 |0 0  |1 0  |3 erb  |4 0  |6 631_300000000000000_ASH_1984  |7 0  |8 A  |9 297419  |a BIBAGR  |b BIBAGR  |i 5282462  |o 631.3 ASH 1984  |p 5282462  |r 2025-01-20  |w 2019-11-20  |y BK  |z Catalogado en:20160421  |k AGR